000 00460nam a2200181Ia 4500
008 180921t2013 xxu||||| |||| 00| 0 sin d
041 _asin
080 _aX
_b8-3 JAY
100 _aJayamanna, Persy
245 _aනසුරුදීන් 2
246 _aNasrudeen 2
260 _bGunasena
_aColombo
_c2013
300 _a133p, 21 Cm
700 _aThalagala, Chandrasena
_etr.
942 _cBK
999 _c11338
_d11338
003 LK-CoDNM
040 _aLK-CoDNM
_dLK-CoDNM
_eLK-CoDNM